47都道府県(面積順) - Statistics

General Stats
  • This quiz has been taken 172 times
  • The average score is 34 of 47
Answer Stats
Answer % Correct
北海道
100%
岩手県
92%
福島県
91%
長野県
89%
新潟県
89%
岐阜県
88%
秋田県
87%
青森県
84%
山形県
82%
鹿児島県
82%
兵庫県
80%
広島県
79%
静岡県
76%
香川県
74%
東京都
73%
大阪府
73%
宮崎県
72%
沖縄県
72%
熊本県
71%
神奈川県
70%
岡山県
69%
佐賀県
69%
鳥取県
68%
宮城県
67%
高知県
67%
栃木県
66%
群馬県
66%
福井県
66%
埼玉県
66%
富山県
65%
島根県
64%
山梨県
64%
滋賀県
64%
奈良県
64%
大分県
63%
茨城県
63%
三重県
63%
愛媛県
63%
愛知県
63%
千葉県
63%
石川県
63%
徳島県
63%
長崎県
63%
山口県
62%
和歌山県
62%
福岡県
60%
京都府
60%
No matching quizzes found
Score Distribution
Percent of People with Each Score
Percentile by Number Answered
Your Score History
You have not taken this quiz